00881nam a2200241Ia 450000100060000000300090000600800410001504000130005604000130006904100130008210000220009510000290011724500480014624500550019425000110024926000170026026000120027726000490028930000590033850001820039765000290057965000310060811669IT-RoPAU130308s9999 xx 000 0 und d aIT-RoPAU cIT-RoPAU aSPAGNOLO aEhling William P. gCodice Aut. SPICS: 6999 aInvestigaciones sobre comunicacion de masas bPeriodismo futuro En la comunicacion de masas (El) a1a ed. aBUENOS AIRES bTroquel c1966 [1° Ed.:1966 - Ed.Ling.Originale:1958] a"31 p. (prefazione: no ; testo: 31 [pagine: 139-169])" aInchieste Sulla Comunicazione di Massa Finalità e contenuti dell'Inchiesta Concetti dei Media Massivi e della Comunicazione di Massa comunicazioni Impersonali e Interpersonali aSAGGI DI STAMPA DI MASSA eCodice materia Spics: 6661